000 00278nam a22001337a 4500
008 190201b xxu||||| |||| 00| 0 eng d
020 _a9780065006476
041 _aeng
080 _a510
100 _a36
101 _aMAT
245 _aMathematics
_cHart, L
942 _2udc
_cBK
999 _c53917
_d53917